[Event "World Rapid 2015"]
[Site "Berlin GER"]
[Date "2015.10.10"]
[Round "1.75"]
[White "Thornton, Giovanni Antonio"]
[Black "Bindrich, Falko"]
[Result "0-1"]
[WhiteElo "2207"]
[BlackElo "2594"]
[PlyCount "68"]
[EventDate "2015.10.10"]
[EventType "rapid"]

1. Nf3 d5 2. d4 e6 3. e3 Nf6 4. c4 Be7 5. Nc3 O-O 6. Bd3 dxc4 7. Bxc4 a6 8. a4
c5 9. O-O Nc6 10. d5 exd5 11. Nxd5 Nxd5 12. Qxd5 Qxd5 13. Bxd5 Nb4 14. Be4 f5
15. Bb1 Bf6 16. Bd2 Bxb2 17. Bxb4 cxb4 18. Ba2+ Kh8 19. Rad1 Bf6 20. Rd6 a5 21.
Bc4 Rd8 22. Rfd1 Rxd6 23. Rxd6 Be7 24. Rd2 g6 25. Ne5 Kg7 26. Nd7 b5 27. Bxb5
Ra7 28. g3 Rc7 29. Nb6 Bb7 30. Nc4 Bf6 31. f4 b3 32. Kf2 Be4 33. Ke2 Bc3 34.
Nd6 Bxd2 0-1

[Event "World Rapid 2015"]
[Site "Berlin GER"]
[Date "2015.10.10"]
[Round "1.77"]
[White "Belov, Vladimir"]
[Black "Meister, Jakob"]
[Result "1-0"]
[WhiteElo "2614"]
[BlackElo "2437"]
[PlyCount "72"]
[EventDate "2015.10.10"]
[EventType "rapid"]

1. d4 d5 2. c4 dxc4 3. e3 e5 4. Bxc4 exd4 5. exd4 Nf6 6. Nf3 Bb4+ 7. Nc3 O-O 8.
O-O h6 9. Ne5 Nc6 10. Nxc6 bxc6 11. h3 Bf5 12. Bf4 Qd7 13. Be5 Nd5 14. Qf3 Nxc3
15. bxc3 Bd6 16. Rfe1 Bg6 17. Bb3 Rab8 18. Re3 c5 19. dxc5 Bxc5 20. Rd1 Qc8 21.
Ree1 Bb6 22. Bd4 Bxd4 23. Rxd4 Re8 24. Red1 Qf5 25. Rf4 Qe5 26. Rd7 Re7 27.
Rxe7 Qxe7 28. Qg3 Qd6 29. Qf3 Rf8 30. Rd4 Qe7 31. Qe3 Qxe3 32. fxe3 Re8 33. Kf2
c5 34. Rd7 a6 35. Bd5 Kh7 36. Rc7 Be4 1-0

[Event "World Rapid 2015"]
[Site "Berlin GER"]
[Date "2015.10.10"]
[Round "1.78"]
[White "Moiseenko, Alexander"]
[Black "Zhigalko, Sergei"]
[Result "0-1"]
[WhiteElo "2692"]
[BlackElo "2656"]
[PlyCount "116"]
[EventDate "2015.10.10"]
[EventType "rapid"]

1. d4 Nf6 2. c4 e6 3. Nf3 b6 4. g3 Ba6 5. Qb3 Nc6 6. Nbd2 Na5 7. Qa4 Bb7 8. Bg2
c5 9. dxc5 bxc5 10. O-O Be7 11. Ne5 Bxg2 12. Kxg2 O-O 13. Ndf3 Qc7 14. Rd1 d6
15. Bd2 Nb7 16. Nc6 Ne4 17. Nxe7+ Qxe7 18. Be1 f5 19. Nd2 Nf6 20. Nf3 Ne4 21.
Nd2 Nf6 22. Nf3 e5 23. e3 Kh8 24. Qc2 Qe6 25. a3 Rac8 26. b4 cxb4 27. axb4 Rxc4
28. Qb3 d5 29. Rxa7 Nd6 30. b5 Rb8 31. Ra6 Nfe4 32. Qb2 d4 33. exd4 Qd5 34.
dxe5 Qxd1 35. exd6 Qd5 36. Qe5 Rc5 37. d7 Qxe5 38. Nxe5 Rxe5 39. Rc6 Rg8 40.
Ba5 Rd5 41. f3 Nf6 42. d8=Q Rdxd8 43. Bxd8 Rxd8 44. b6 Rb8 45. Rd6 Kg8 46. h3
Kf7 47. g4 fxg4 48. hxg4 Ke7 49. Rc6 Nd7 50. Kg3 Rxb6 51. Rc1 Rb3 52. g5 Ne5
53. Rc7+ Kf8 54. Kf4 Nxf3 55. Rc8+ Kf7 56. Rc7+ Kg6 57. Rc6+ Kh5 58. Rc5 Nd4
0-1

[Event "World Rapid 2015"]
[Site "Berlin GER"]
[Date "2015.10.10"]
[Round "2.19"]
[White "Perunovic, Milos"]
[Black "Almasi, Zoltan"]
[Result "1-0"]
[WhiteElo "2622"]
[BlackElo "2689"]
[PlyCount "124"]
[EventDate "2015.10.10"]
[EventType "rapid"]

1. e4 e5 2. Nf3 Nc6 3. Bb5 Nf6 4. d3 Bc5 5. c3 O-O 6. O-O Re8 7. Nbd2 a6 8. Ba4
b5 9. Bc2 d5 10. a4 b4 11. a5 h6 12. h3 Rb8 13. Re1 Ba7 14. Ba4 Bb7 15. Qe2 Re7
16. Bc2 Ba8 17. Nh4 Re6 18. Nf5 Ne7 19. Nxe7+ Qxe7 20. Nf3 Rb5 21. Nh4 b3 22.
Bb1 Qd8 23. Nf5 Kh7 24. Rd1 Rb8 25. Qf3 Qd7 26. exd5 Qxd5 27. Qxd5 Nxd5 28. d4
Kh8 29. c4 Nb4 30. d5 Rf6 31. Be3 Bxe3 32. Nxe3 c6 33. Ng4 Nc2 34. Nxf6 gxf6
35. Bxc2 bxc2 36. Rd2 Rxb2 37. Rc1 cxd5 38. cxd5 Bxd5 39. Rdxc2 Rb4 40. Rc5 Be4
41. R5c4 Rxc4 42. Rxc4 Bd3 43. Rc6 Kg7 44. Rd6 Bb5 45. g4 Kg6 46. Kg2 Be2 47.
Kg3 Kg5 48. h4+ Kg6 49. f4 e4 50. g5 hxg5 51. hxg5 e3 52. Rxf6+ Kg7 53. Rf5 Bd3
54. Re5 e2 55. Kf2 Kg6 56. Rxe2 Bxe2 57. Kxe2 f6 58. gxf6 Kxf6 59. Ke3 Kf5 60.
Kf3 Kf6 61. Ke4 Ke6 62. Kd4 Kf5 1-0

[Event "World Rapid 2015"]
[Site "Berlin GER"]
[Date "2015.10.10"]
[Round "2.20"]
[White "Zhigalko, Sergei"]
[Black "Belov, Vladimir"]
[Result "1-0"]
[WhiteElo "2656"]
[BlackElo "2614"]
[PlyCount "78"]
[EventDate "2015.10.10"]
[EventType "rapid"]

1. e4 c5 2. Nf3 d6 3. d4 cxd4 4. Qxd4 Nc6 5. Bb5 Bd7 6. Bxc6 Bxc6 7. Nc3 h6 8.
Qd3 Nf6 9. Nd4 e6 10. f3 Be7 11. Be3 O-O 12. O-O-O Rc8 13. Kb1 Nd7 14. Qe2 a6
15. g4 b5 16. Qg2 Ne5 17. Nxc6 Rxc6 18. Ne2 Nc4 19. Bc1 e5 20. h4 Qa5 21. Ng3
Rfc8 22. g5 Qb4 23. c3 Na3+ 24. Ka1 Rxc3 25. bxa3 Qa4 26. Nf5 Bf8 27. Bb2 Rc2
28. Rd2 d5 29. exd5 b4 30. Ne3 Rxd2 31. Qxd2 bxa3 32. Bxe5 Bb4 33. Qd3 h5 34.
Rb1 Bc5 35. d6 Rd8 36. Nc4 Qc6 37. Qe4 Qa4 38. g6 f6 39. Qd5+ Kh8 1-0

[Event "World Rapid 2015"]
[Site "Berlin GER"]
[Date "2015.10.10"]
[Round "2.21"]
[White "Swiercz, Dariusz"]
[Black "Kryvoruchko, Yuriy"]
[Result "0-1"]
[WhiteElo "2620"]
[BlackElo "2710"]
[PlyCount "96"]
[EventDate "2015.10.10"]
[EventType "rapid"]

1. e4 e5 2. Nf3 Nc6 3. Bb5 Nf6 4. O-O Nxe4 5. d4 Nd6 6. Bxc6 dxc6 7. dxe5 Nf5
8. Qxd8+ Kxd8 9. h3 Bd7 10. Rd1 Be7 11. Nc3 Kc8 12. Bf4 h5 13. b3 b6 14. Rd3
Be6 15. Ne2 c5 16. c4 Kb7 17. Ng5 Bxg5 18. Bxg5 Rae8 19. Kf1 Bc8 20. Bf4 Rhg8
21. Re1 g5 22. Bh2 h4 23. f3 Ng7 24. Nc3 Bf5 25. Rd2 Ne6 26. Bg1 Nf4 27. Bh2
Nd3 28. Re3 Nb4 29. Nd5 Rd8 30. Ke2 Nc2 31. Rc3 Nd4+ 32. Kd1 Rge8 33. Bg1 Rxe5
34. Bh2 Ree8 35. Bxc7 Rxd5 36. cxd5 Nb5 37. Rc4 Kxc7 38. f4 g4 39. hxg4 Bxg4+
40. Kc1 Nd6 41. Ra4 a5 42. f5 Re1+ 43. Kb2 Bxf5 44. Rxh4 Rb1+ 45. Ka3 Nb5+ 46.
Ka4 Nc3+ 47. Ka3 b5 48. d6+ Kd7 0-1

[Event "World Rapid 2015"]
[Site "Berlin GER"]
[Date "2015.10.10"]
[Round "2.22"]
[White "Onischuk, Vladimir"]
[Black "Nikolic, Predrag"]
[Result "0-1"]
[WhiteElo "2612"]
[BlackElo "2603"]
[PlyCount "140"]
[EventDate "2015.10.10"]
[EventType "rapid"]

1. e4 e6 2. d4 d5 3. Bd3 dxe4 4. Bxe4 Nf6 5. Bf3 Bd6 6. Ne2 O-O 7. Nbc3 c6 8.
Bg5 Nbd7 9. Qd2 Qa5 10. O-O-O Nd5 11. Nxd5 Qxd2+ 12. Rxd2 cxd5 13. Bf4 Bb4 14.
c3 Be7 15. Ng3 b5 16. Re1 Nb6 17. Nf5 Bf6 18. Nd6 Bd7 19. Be2 Nc4 20. Nxc4 bxc4
21. Bd6 Rfc8 22. f4 Bd8 23. Bd1 Bc7 24. Bxc7 Rxc7 25. g4 Kf8 26. Bf3 Rb8 27. h4
Rb5 28. Bd1 Ra5 29. a3 Ba4 30. Bf3 Ke7 31. Re5 Kd6 32. Rde2 Rc8 33. g5 Bd7 34.
Bg4 g6 35. h5 Rf8 36. R5e3 Rb5 37. hxg6 hxg6 38. Rh2 Rbb8 39. Rh7 f6 40. Re1
fxg5 41. fxg5 Rf2 42. Be2 Rg2 43. Rg7 Rxg5 44. Bd1 Rg2 45. Bc2 g5 46. Rf7 Rh8
47. Rf6 Rhh2 48. Bg6 g4 49. Bf5 Rf2 50. Rfxe6+ Kc7 51. Bxg4 Rc2+ 52. Kb1 Rxb2+
53. Ka1 Ra2+ 54. Kb1 Rhb2+ 55. Kc1 Bxe6 56. Bxe6 Rf2 57. Kb1 Kd6 58. Bg4 Rfb2+
59. Kc1 Rc2+ 60. Kb1 Rcb2+ 61. Kc1 Rg2 62. Kb1 Rab2+ 63. Ka1 Ra2+ 64. Kb1 Rxa3
65. Re6+ Kc7 66. Re7+ Kd8 67. Rd7+ Ke8 68. Rg7 Kf8 69. Rg5 Rb3+ 70. Ka1 Rxc3
0-1

[Event "World Rapid 2015"]
[Site "Berlin GER"]
[Date "2015.10.10"]
[Round "2.23"]
[White "Grigoriants, Sergey"]
[Black "Kovalenko, Igor"]
[Result "1-0"]
[WhiteElo "2603"]
[BlackElo "2700"]
[PlyCount "109"]
[EventDate "2015.10.10"]
[EventType "rapid"]

1. e4 e6 2. d4 d5 3. Nd2 dxe4 4. Nxe4 Bd7 5. Nf3 Bc6 6. Bd3 Nd7 7. O-O Ngf6 8.
Ned2 Bd6 9. Re1 O-O 10. Nc4 Nd5 11. Nxd6 cxd6 12. c4 N5f6 13. Bf4 Qb6 14. b3
Rfe8 15. Bc2 Rad8 16. Be3 Qa5 17. h3 a6 18. a4 Qh5 19. Nd2 Qxd1 20. Raxd1 a5
21. Nb1 Be4 22. Bxe4 Nxe4 23. Bf4 d5 24. cxd5 exd5 25. f3 Nef6 26. Bc7 Ra8 27.
Nc3 b6 28. Nb5 Rxe1+ 29. Rxe1 Re8 30. Rxe8+ Nxe8 31. Bd8 f5 32. Kf2 Kf7 33. Ke3
g6 34. Nc7 Nxc7 35. Bxc7 Kf6 36. Kd3 h5 37. Kc3 Ke6 38. b4 g5 39. bxa5 bxa5 40.
Bxa5 Kd6 41. Kd3 Kc6 42. Bd8 g4 43. fxg4 fxg4 44. hxg4 hxg4 45. Ke3 Nf8 46. Bf6
Ng6 47. Bg5 Nf8 48. Kf2 Ne6 49. Be3 Kb6 50. Kg3 Ka5 51. Kxg4 Kxa4 52. Kf5 Ng7+
53. Ke5 Kb4 54. g4 Kc4 55. Bh6 1-0

[Event "World Rapid 2015"]
[Site "Berlin GER"]
[Date "2015.10.10"]
[Round "2.24"]
[White "Meier, Georg"]
[Black "Agdestein, Simen"]
[Result "1/2-1/2"]
[WhiteElo "2654"]
[BlackElo "2606"]
[PlyCount "153"]
[EventDate "2015.10.10"]
[EventType "rapid"]

1. Nf3 f5 2. g3 Nf6 3. Bg2 e6 4. c4 d5 5. cxd5 exd5 6. Nc3 Bd6 7. e3 O-O 8. O-O
c6 9. b3 a5 10. Bb2 Qe7 11. Qc2 Na6 12. a3 Bd7 13. Ne2 Nc5 14. Nfd4 Ng4 15. Nf3
Ne4 16. h3 Nh6 17. d3 Nf6 18. Nf4 Nf7 19. Qc3 Rfe8 20. Rfe1 Qf8 21. Qc2 Qe7 22.
Qc3 Qf8 23. Qc1 Nd8 24. Ng5 Ne6 25. Ngxe6 Bxe6 26. Bc3 Nd7 27. b4 axb4 28. axb4
Bf7 29. h4 Bxb4 30. Bxb4 Qxb4 31. Rb1 Qd6 32. Rxb7 c5 33. Qb2 Rab8 34. Ra1 d4
35. Raa7 Rxb7 36. Qxb7 dxe3 37. fxe3 Rd8 38. Bc6 Ne5 39. Bd5 Qf8 40. Qc7 Re8
41. e4 fxe4 42. dxe4 c4 43. Kg2 Bxd5 44. exd5 Nd3 45. Qxc4 Nxf4+ 46. Qxf4 Qxf4
47. gxf4 Rd8 48. Ra5 Kf7 49. Kf3 Kf6 50. Ke4 Re8+ 51. Kd4 Re1 52. Ra4 Rh1 53.
Kc5 Rxh4 54. d6 Ke6 55. Kc6 Rh1 56. Re4+ Kf5 57. d7 Kxe4 58. d8=Q Rc1+ 59. Kb5
Rg1 60. Qh4 Kf3 61. f5 h6 62. f6 gxf6 63. Qxf6+ Ke2 64. Qxh6 Rg3 65. Qh4 Rc3
66. Kb4 Rf3 67. Kc4 Kd2 68. Qe4 Ra3 69. Qg2+ Kc1 70. Qf1+ Kb2 71. Qe2+ Kb1 72.
Kb4 Ra2 73. Qd1+ Kb2 74. Qb3+ Ka1 75. Qd3 Rb2+ 76. Kc3 Rb3+ 77. Kxb3 1/2-1/2

[Event "World Rapid 2015"]
[Site "Berlin GER"]
[Date "2015.10.10"]
[Round "2.26"]
[White "Bindrich, Falko"]
[Black "Bruzon Batista, Lazaro"]
[Result "0-1"]
[WhiteElo "2594"]
[BlackElo "2659"]
[PlyCount "170"]
[EventDate "2015.10.10"]
[EventType "rapid"]

1. d4 Nf6 2. c4 e6 3. g3 Bb4+ 4. Nd2 O-O 5. Bg2 d5 6. Ngf3 b6 7. cxd5 exd5 8.
O-O Bb7 9. Ne5 Re8 10. Ndf3 h6 11. Bf4 Bf8 12. Rc1 c5 13. Qa4 Na6 14. Rfd1 Qc8
15. dxc5 bxc5 16. h4 Qe6 17. b3 Qb6 18. Re1 Rad8 19. Bd2 Nb4 20. a3 Nc6 21. Nd3
Ne4 22. Bf4 a5 23. b4 axb4 24. axb4 cxb4 25. Qb3 Na5 26. Qb1 Nc4 27. e3 Ra8 28.
Nde5 Nc3 29. Nxc4 dxc4 30. Rxc3 Be4 31. Rc2 Qb7 32. Qd1 c3 33. Qe2 Rec8 34. Rb1
b3 35. Rxb3 Qxb3 36. Nd4 Qb1+ 37. Kh2 Bxg2 38. Kxg2 Ra1 39. Kf3 h5 40. Ke4 Qb7+
41. Kd3 Qd5 42. e4 Qd7 43. Qxh5 Rc5 44. Qf3 Ra4 45. Be3 Rcc4 46. Ke2 Rxd4 47.
Bxd4 Qxd4 48. Qd3 Qe5 49. Rxc3 Rxe4+ 50. Kf1 Rd4 51. Qf3 Qd5 52. Qxd5 Rxd5 53.
Rc8 g6 54. Rc2 Bc5 55. Kg2 Kg7 56. Rc4 Bb6 57. Rb4 Ba5 58. Ra4 Bb6 59. Rb4 Rd6
60. Rb2 Kf6 61. Rb4 Ke6 62. Re4+ Kd7 63. Rf4 Ke7 64. Re4+ Re6 65. Rb4 Rf6 66.
Rb2 Bd4 67. Re2+ Re6 68. Rd2 Bb6 69. Rb2 Kd7 70. Rd2+ Rd6 71. Rb2 Kc6 72. Re2
Bd4 73. Re4 Kd5 74. Re7 Rf6 75. Re2 Ra6 76. Re7 Ra7 77. Re2 Rb7 78. Kh3 Rb2 79.
Re7 Rxf2 80. Kg4 Bc5 81. Rb7 Bd6 82. Rb5+ Ke6 83. Rb3 Rf5 84. Rd3 Ra5 85. Rb3
Ra3 0-1

[Event "World Rapid 2015"]
[Site "Berlin GER"]
[Date "2015.10.10"]
[Round "2.27"]
[White "Anton Guijarro, David"]
[Black "Navara, David"]
[Result "1/2-1/2"]
[WhiteElo "2634"]
[BlackElo "2734"]
[PlyCount "107"]
[EventDate "2015.10.10"]
[EventType "rapid"]

1. e4 c6 2. Nc3 d5 3. Nf3 Bg4 4. h3 Bxf3 5. Qxf3 Nf6 6. d3 e6 7. Qg3 g6 8. Be2
Bg7 9. O-O O-O 10. Re1 Qa5 11. Bf4 d4 12. e5 dxc3 13. exf6 Bxf6 14. b3 Nd7 15.
Bg4 Bg7 16. Bc7 Qd5 17. Bf3 Qf5 18. a4 Nb6 19. a5 Nd5 20. Bd6 Rfe8 21. Ra4 Qf6
22. Be5 Qd8 23. d4 b5 24. axb6 axb6 25. Rxa8 Qxa8 26. Bxg7 Kxg7 27. Bxd5 cxd5
28. Qxc3 Rc8 29. Qb2 Qa5 30. b4 Qb5 31. c3 Qc4 32. Re3 Ra8 33. Qc1 Qa2 34. Re1
Rc8 35. Re3 Qa4 36. Rf3 Kg8 37. Qf4 Qa7 38. g4 Qc7 39. Qf6 Rf8 40. Kg2 Qd8 41.
Qe5 Qe7 42. g5 Ra8 43. h4 Qd8 44. Qf4 Ra7 45. Qe5 Qc7 46. Qf6 Ra3 47. Kg1 Ra1+
48. Kg2 Rc1 49. Re3 Rxc3 50. Rxc3 Qxc3 51. Qd8+ Kg7 52. Qf6+ Kg8 53. Qd8+ Kg7
54. Qf6+ 1/2-1/2

[Event "World Rapid 2015"]
[Site "Berlin GER"]
[Date "2015.10.10"]
[Round "2.28"]
[White "Vitiugov, Nikita"]
[Black "Dlugy, Maxim"]
[Result "1/2-1/2"]
[WhiteElo "2725"]
[BlackElo "2518"]
[PlyCount "174"]
[EventDate "2015.10.10"]
[EventType "rapid"]

1. d4 Nf6 2. c4 g6 3. Nc3 Bg7 4. e4 d6 5. f3 O-O 6. Nge2 c5 7. Be3 Qa5 8. Nc1
cxd4 9. Nb3 Qh5 10. Nxd4 Nc6 11. Be2 Qh4+ 12. g3 Qh3 13. Qd2 Nxd4 14. Bxd4 Be6
15. b3 a6 16. O-O-O Nd7 17. Bxg7 Kxg7 18. f4 Rfc8 19. Kb2 Nf6 20. Bf3 Rab8 21.
Rde1 b5 22. Bg2 Qh6 23. cxb5 axb5 24. e5 dxe5 25. Rxe5 b4 26. Nb5 Ng4 27. Rxe6
fxe6 28. Qxb4 Kf8 29. Qd4 e5 30. Qd7 Nf6 31. Qe6 Rd8 32. Qxe5 Rxb5 33. Qxb5
Rd2+ 34. Ka3 Rxg2 35. Qc6 Qh3 36. Qa8+ Kf7 37. Qc6 Rd2 38. Qc4+ Kf8 39. b4 Qg2
40. Ra1 Rc2 41. Qd3 Nd5 42. Ka4 Rxa2+ 43. Rxa2 Qxa2+ 44. Kb5 Qa8 45. Qd4 Kf7
46. Qc5 Qb7+ 47. Kc4 Nb6+ 48. Kd4 Qd7+ 49. Ke4 Qe6+ 50. Kd4 h5 51. h3 Qd7+ 52.
Ke4 Qb7+ 53. Kd4 e6 54. b5 Qd7+ 55. Ke4 Nd5 56. Ke5 Ke8 57. g4 Qg7+ 58. Ke4 Qb7
59. Ke5 Qg7+ 60. Ke4 Qb2 61. Qc8+ Kf7 62. Qd7+ Ne7 63. gxh5 gxh5 64. Kf3 Qb3+
65. Kf2 Qb4 66. Kf3 Kf6 67. Qd8 Qb3+ 68. Kf2 Qc2+ 69. Kf3 Qc3+ 70. Kf2 Qc5+ 71.
Ke1 Qb4+ 72. Kd1 Kf5 73. b6 Nd5 74. Qg5+ Ke4 75. Qe5+ Kd3 76. Qe2+ Kd4 77. Qf2+
Ne3+ 78. Ke2 Qc4+ 79. Kf3 Qc6+ 80. Ke2 Qc2+ 81. Kf3 Qd1+ 82. Kg3 Kd3 83. b7 Qb1
84. Qf3 Kd2 85. Qf2+ Kd3 86. Qf3 Kd4 87. Kf2 Qf1+ 1/2-1/2

[Event "World Rapid 2015"]
[Site "Berlin GER"]
[Date "2015.10.10"]
[Round "2.29"]
[White "Vidit, Santosh Gujrathi"]
[Black "Volokitin, Andrei"]
[Result "1-0"]
[WhiteElo "2651"]
[BlackElo "2639"]
[PlyCount "127"]
[EventDate "2015.10.10"]
[EventType "rapid"]

1. d4 Nf6 2. c4 g6 3. Nc3 d5 4. Nf3 Bg7 5. Qb3 dxc4 6. Qxc4 O-O 7. e4 a6 8. Bf4
b5 9. Qxc7 Qxc7 10. Bxc7 Bb7 11. Bd3 b4 12. Na4 Bxe4 13. Bxe4 Nxe4 14. Rc1 Ra7
15. Ke2 Bh6 16. Rc4 Rc8 17. Bxb8 Rxb8 18. Ne5 b3 19. a3 Nd6 20. Rc5 Rab7 21.
Rd1 Nb5 22. Nc6 Re8 23. Nc3 Nd6 24. Na5 Rd7 25. g4 Bg7 26. f4 e6 27. Rc6 h5 28.
h3 hxg4 29. hxg4 f5 30. g5 Nf7 31. Rxa6 Rxd4 32. Rxd4 Bxd4 33. Nxb3 e5 34. Nd5
exf4+ 35. Kf1 Bxb2 36. Nxf4 Re4 37. Nxg6 Nxg5 38. Nc5 Rc4 39. Nd3 Kg7 40. Ne7
f4 41. Nf5+ Kh7 42. Rh6+ Kg8 43. Rg6+ Kf7 44. Rxg5 Bxa3 45. Nh6+ Kf6 46. Ra5
Bd6 47. Ke2 Re4+ 48. Kf1 Rd4 49. Nf2 Ke6 50. Nf5 Rd5 51. Ng7+ Ke5 52. Ng4+ Kd4
53. Nf5+ Ke4 54. Nf6+ Kxf5 55. Nxd5 Ke4 56. Nc3+ Kf3 57. Rd5 Bb4 58. Rd3+ Kg4
59. Nd5 Bc5 60. Kg2 Kf5 61. Kf3 Bd6 62. Nc3 Be5 63. Ne2 Bc7 64. Rd5+ 1-0

[Event "World Rapid 2015"]
[Site "Berlin GER"]
[Date "2015.10.10"]
[Round "2.31"]
[White "Mamedov, Rauf"]
[Black "Mikhalevski, Victor"]
[Result "1/2-1/2"]
[WhiteElo "2657"]
[BlackElo "2536"]
[PlyCount "100"]
[EventDate "2015.10.10"]
[EventType "rapid"]

1. e4 e5 2. Nf3 Nc6 3. Bb5 a6 4. Ba4 Nf6 5. O-O Nxe4 6. d4 b5 7. Bb3 d5 8. dxe5
Be6 9. Nbd2 Nc5 10. c3 d4 11. cxd4 Nxd4 12. Nxd4 Qxd4 13. Qf3 Rd8 14. Bxe6 Nxe6
15. a4 Bb4 16. Qc6+ Qd7 17. Qxd7+ Rxd7 18. Ne4 bxa4 19. Rxa4 a5 20. Be3 O-O 21.
Raa1 Rb8 22. g3 Nd4 23. Bf4 Re7 24. Kg2 Nc6 25. Rfc1 Nxe5 26. Rxc7 Rxc7 27.
Bxe5 Rbc8 28. Bxc7 Rxc7 29. Nc3 g5 30. Ra4 Bxc3 31. bxc3 Rc5 32. Kf1 Kf8 33.
Ke2 Ke7 34. Kd3 Kd6 35. g4 f5 36. h3 Rd5+ 37. Kc2 Re5 38. f4 gxf4 39. Rxf4 fxg4
40. hxg4 h5 41. gxh5 Rxh5 42. Kb3 Rc5 43. c4 Rh5 44. Rf8 Kc5 45. Rc8+ Kb6 46.
Rb8+ Kc6 47. Ka4 Rc5 48. Rc8+ Kb6 49. Rxc5 Kxc5 50. Kxa5 Kxc4 1/2-1/2

[Event "World Rapid 2015"]
[Site "Berlin GER"]
[Date "2015.10.10"]
[Round "2.32"]
[White "Przybylski, Wojciech"]
[Black "Korobov, Anton"]
[Result "0-1"]
[WhiteElo "2354"]
[BlackElo "2700"]
[PlyCount "90"]
[EventDate "2015.10.10"]
[EventType "rapid"]

1. e4 c5 2. Nf3 d6 3. Bb5+ Nd7 4. d4 Ngf6 5. O-O cxd4 6. Qxd4 a6 7. Bxd7+ Bxd7
8. c4 e5 9. Qd3 b5 10. Nc3 bxc4 11. Qxc4 h6 12. h3 Be7 13. Be3 O-O 14. Rfd1 Qb8
15. b3 Qb7 16. Nd2 Be6 17. Qd3 d5 18. exd5 Nxd5 19. Nc4 Nxc3 20. Qxc3 Rfc8 21.
Rac1 f6 22. Qd3 Rd8 23. Qg6 Bf7 24. Qg4 h5 25. Qe2 Qb5 26. Rxd8+ Rxd8 27. Rc2
a5 28. Rd2 Rc8 29. Nb6 Rc1+ 30. Kh2 Qxe2 31. Rxe2 Rc6 32. Na4 Be6 33. Bc5 Rxc5
34. Nxc5 Bxc5 35. Rc2 Bd4 36. Rc6 Kf7 37. Ra6 Bxf2 38. Rxa5 e4 39. g3 e3 40.
Ra7+ Kg6 41. Kg2 Bxh3+ 42. Kf3 Bg4+ 43. Kg2 h4 44. Ra4 Kg5 45. gxh4+ Bxh4 0-1

[Event "World Rapid 2015"]
[Site "Berlin GER"]
[Date "2015.10.10"]
[Round "2.36"]
[White "Svidler, Peter"]
[Black "Guliyev, Namig"]
[Result "1-0"]
[WhiteElo "2727"]
[BlackElo "2579"]
[PlyCount "114"]
[EventDate "2015.10.10"]
[EventType "rapid"]

1. e4 e5 2. Nf3 Nf6 3. Nc3 Nc6 4. d4 exd4 5. Nxd4 Bb4 6. Nxc6 bxc6 7. Bd3 d5 8.
exd5 cxd5 9. O-O O-O 10. h3 c6 11. Qf3 Re8 12. Bf4 Bd6 13. b3 Qc7 14. Bxd6 Qxd6
15. Na4 Be6 16. Qg3 Qxg3 17. fxg3 Nd7 18. Rae1 g6 19. g4 f6 20. Ba6 Rab8 21.
Rf3 Bf7 22. Rxe8+ Bxe8 23. Rc3 Ne5 24. Rc5 Kf7 25. Ra5 Ke7 26. Kf2 Kd6 27. Ke3
c5 28. Be2 d4+ 29. Kd2 Bxa4 30. Rxa4 Rb7 31. c3 Kd5 32. cxd4 cxd4 33. Bd3 Nc6
34. Ra6 Re7 35. Bb5 Nb4 36. Ra5 Kd6 37. a3 Nd5 38. Kd3 Re1 39. Kxd4 Rd1+ 40.
Ke4 Re1+ 41. Kd3 Nf4+ 42. Kd2 Rg1 43. Rxa7 Rxg2+ 44. Ke3 g5 45. Bc4 Rg3+ 46.
Ke4 Rxh3 47. Ra6+ Kc5 48. Rxf6 h6 49. Rf5+ Kb6 50. a4 Rh4 51. a5+ Kc6 52. a6
Rxg4 53. Kf3 Rh4 54. Ra5 Rh3+ 55. Ke4 Kb6 56. a7 Kxa5 57. a8=Q+ Kb4 1-0

[Event "World Rapid 2015"]
[Site "Berlin GER"]
[Date "2015.10.10"]
[Round "2.37"]
[White "Inarkiev, Ernesto"]
[Black "Shchekachev, Andrei"]
[Result "1/2-1/2"]
[WhiteElo "2660"]
[BlackElo "2531"]
[PlyCount "227"]
[EventDate "2015.10.10"]
[EventType "rapid"]

1. d4 Nf6 2. c4 e6 3. Nf3 Bb4+ 4. Bd2 Qe7 5. g3 Bxd2+ 6. Qxd2 Nc6 7. Bg2 Ne4 8.
Qc2 Qb4+ 9. Kf1 d5 10. e3 Qe7 11. Nbd2 Nf6 12. h3 O-O 13. Kg1 Rd8 14. Qc3 Ne4
15. Nxe4 dxe4 16. Nd2 f5 17. Kh2 e5 18. d5 Nb4 19. d6 Qxd6 20. c5 Qxd2 21. Rhd1
Qxd1 22. Rxd1 Rxd1 23. Qxb4 Be6 24. Qxb7 Rad8 25. Qxc7 R8d2 26. Qe7 Bd7 27.
Qxe5 g6 28. Qc3 Be6 29. Qf6 Bc8 30. Qc6 Bd7 31. Qb7 Be6 32. Qe7 Bc8 33. Qe8+
Kg7 34. Qxc8 Rxf2 35. Qc7+ Kf6 36. g4 Rdd2 37. Qg3 fxg4 38. Qxg4 Rxb2 39. c6
Rxg2+ 40. Qxg2 Rxg2+ 41. Kxg2 Ke6 42. Kg3 g5 43. Kg4 Kd6 44. Kxg5 Kxc6 45. Kf5
Kd5 46. h4 h5 47. a4 a5 48. Kf4 Kc4 49. Kxe4 Kb4 50. Kf5 Kxa4 51. e4 Kb3 52. e5
a4 53. e6 a3 54. e7 a2 55. e8=Q a1=Q 56. Qxh5 Qb1+ 57. Kf6 Qb2+ 58. Qe5 Qf2+
59. Kg5 Qg2+ 60. Kh6 Kc4 61. h5 Qg8 62. Qg7 Qe6+ 63. Qg6 Qe7 64. Qf5 Kb4 65.
Kg6 Qe8+ 66. Kg5 Qg8+ 67. Kh4 Kb3 68. h6 Qd8+ 69. Kh3 Qd6 70. h7 Qh6+ 71. Kg4
Qg7+ 72. Kf4 Qh6+ 73. Ke4 Qh4+ 74. Kd5 Qc4+ 75. Kd6 Qb4+ 76. Ke6 Qb6+ 77. Kf7
Qc7+ 78. Kg8 Qd8+ 79. Kg7 Qd4+ 80. Qf6 Qg4+ 81. Qg6 Qd4+ 82. Qf6 Qg4+ 83. Kf7
Qd7+ 84. Qe7 Qf5+ 85. Kg7 Qg4+ 86. Kh6 Qh3+ 87. Kg5 Qg3+ 88. Kf5 Qf3+ 89. Kg5
Qg3+ 90. Kf5 Qf3+ 91. Ke5 Qe3+ 92. Kf6 Qh6+ 93. Kf5 Qh5+ 94. Ke6 Qg4+ 95. Kd5
Qc4+ 96. Ke5 Qe2+ 97. Kf6 Qf3+ 98. Kg6 Qd3+ 99. Kg7 Qg3+ 100. Kf7 Qf3+ 101. Qf6
Qb7+ 102. Kg6 Qg2+ 103. Kh6 Qh3+ 104. Kg7 Qg4+ 105. Qg6 Qd4+ 106. Kf8 Qd8+ 107.
Kf7 Qd7+ 108. Kf6 Qd4+ 109. Ke7 Qc5+ 110. Qd6 Qg5+ 111. Qf6 Qc5+ 112. Kd7 Qa7+
113. Ke6 Qxh7 114. Qf3+ 1/2-1/2

[Event "World Rapid 2015"]
[Site "Berlin GER"]
[Date "2015.10.10"]
[Round "2.38"]
[White "Riazantsev, Alexander"]
[Black "Zhang, Zhong"]
[Result "1-0"]
[WhiteElo "2646"]
[BlackElo "2619"]
[PlyCount "57"]
[EventDate "2015.10.10"]
[EventType "rapid"]

1. d4 e6 2. c4 Nf6 3. Nf3 d5 4. Nc3 Bb4 5. cxd5 exd5 6. Bg5 h6 7. Bh4 c6 8. e3
Nbd7 9. Bd3 O-O 10. O-O Re8 11. Qc2 b6 12. Qa4 Bxc3 13. Qxc6 Bxb2 14. Rab1 Rb8
15. Rxb2 Bb7 16. Qd6 Rc8 17. a4 g5 18. Bg3 Re6 19. Qb4 Ne4 20. a5 h5 21. h4 g4
22. Ne5 Nxe5 23. dxe5 Nxg3 24. fxg3 Rxe5 25. Qf4 Qe7 26. Qh6 f5 27. Bxf5 Rd8
28. axb6 a5 29. Rc2 1-0

[Event "World Rapid 2015"]
[Site "Berlin GER"]
[Date "2015.10.10"]
[Round "2.39"]
[White "Ragger, Markus"]
[Black "Naumann, Alexander"]
[Result "1/2-1/2"]
[WhiteElo "2698"]
[BlackElo "2545"]
[PlyCount "112"]
[EventDate "2015.10.10"]
[EventType "rapid"]

1. d4 d5 2. c4 c6 3. Nf3 Nf6 4. Nc3 e6 5. g3 dxc4 6. Bg2 b5 7. O-O Nbd7 8. e4
Bb7 9. e5 Nd5 10. Ng5 h6 11. Nxe6 fxe6 12. Qh5+ Ke7 13. Ne4 Qe8 14. Bg5+ N5f6
15. exf6+ gxf6 16. Bxf6+ Nxf6 17. Nxf6 Qxh5 18. Nxh5 Kf7 19. a4 a6 20. axb5
axb5 21. Rxa8 Bxa8 22. Ra1 Be7 23. Ra7 Rb8 24. Nf4 Bb7 25. Bh3 Kf6 26. Nxe6 b4
27. Nf4 Bd6 28. Ne2 c5 29. dxc5 c3 30. Nxc3 bxc3 31. bxc3 Bxc5 32. Ra5 Bb6 33.
Rf5+ Kg7 34. Re5 Rf8 35. Re7+ Rf7 36. Rxf7+ Kxf7 37. Bg2 Bc8 38. Bd5+ Be6 39.
Bxe6+ Kxe6 40. Kg2 Ke5 41. f4+ Ke4 42. Kh3 Kf5 43. Kh4 Bg1 44. Kh3 Bb6 45. c4
Bc5 46. Kh4 Bg1 47. Kh3 Bc5 48. Kg2 Ke4 49. Kf1 Kd3 50. f5 Kxc4 51. Ke2 Kd5 52.
Kf3 Ke5 53. g4 Be7 54. Kg3 Ke4 55. h4 h5 56. gxh5 Kxf5 1/2-1/2

[Event "World Rapid 2015"]
[Site "Berlin GER"]
[Date "2015.10.10"]
[Round "2.40"]
[White "Matlakov, Maxim"]
[Black "Stern, Rene"]
[Result "1-0"]
[WhiteElo "2689"]
[BlackElo "2538"]
[PlyCount "65"]
[EventDate "2015.10.10"]
[EventType "rapid"]

1. d4 Nf6 2. c4 e6 3. g3 Bb4+ 4. Bd2 a5 5. Bg2 d6 6. e3 Nbd7 7. Ne2 e5 8. O-O
Bxd2 9. Qxd2 O-O 10. Nbc3 c6 11. h3 Re8 12. g4 h6 13. Ng3 Nf8 14. f4 exd4 15.
exd4 a4 16. f5 N8h7 17. Qf4 Qb6 18. Rf2 Qb4 19. Nce4 d5 20. Nxf6+ Nxf6 21. h4
Qxc4 22. g5 hxg5 23. hxg5 Ne4 24. Bxe4 dxe4 25. Nxe4 Qd3 26. Re1 Bd7 27. Re3
Qb1+ 28. Rf1 Rxe4 29. Rxe4 Qxa2 30. g6 Rf8 31. Re7 Qd5 32. f6 gxf6 33. Qh4 1-0